Política cultural de la memoria histórica : derechos humanos y discursos culturales en Chile /
Sparad:
| Huvudupphovsman: | |
|---|---|
| Materialtyp: | Okänd |
| Språk: | Spanish |
| Publicerad: |
Chile :
Mosquito editores,
c1997.
|
| Upplaga: | 1. edición |
| Serie: | (Biblioteca Setenta & 3)
|
| Ämnen: | |
| Taggar: |
Lägg till en tagg
Inga taggar, Lägg till första taggen!
|
MARC
| LEADER | 000000000a22000000004500 | ||
|---|---|---|---|
| 001 | 003626 | ||
| 020 | |a 9562650863 | ||
| 041 | 0 | |a spa | |
| 082 | 0 | 4 | |a 323.098.3 |b V648p |
| 100 | 1 | |a Vidal, Hernán, |d 1973- | |
| 245 | 1 | 0 | |a Política cultural de la memoria histórica : |b derechos humanos y discursos culturales en Chile / |c Hernán Vidal. |
| 250 | |a 1. edición | ||
| 260 | 1 | |a Chile : |b Mosquito editores, |c c1997. | |
| 300 | |a 348 páginas | ||
| 490 | 1 | |a (Biblioteca Setenta & 3) | |
| 500 | |a Colección George Yúdice | ||
| 650 | 4 | |a DERECHOS HUMANOS | |
| 650 | 4 | |a CHILE | |
| 650 | 4 | |a POLITICA Y GOBIERNO | |
| 999 | |c 10105 |d 10105 | ||
| 942 | |c BK |h 323.098.3 V648p |2 z | ||



